000 01373nam a2200349 i 4500
003 EG-GICUC
005 20260212123819.0
008 260212s19761396ua ||||fr|||| 00| 0 ara d
040 _a EG-GICUC
_bara
_c EG-GICUC
_d EG-GICUC
_erda
041 _aara
082 0 4 _221
_a343.91
_bي و . ج
092 0 4 _221
099 _aLaw1 10 343.91 ي و . ج 1 ed - 1976
100 0 _aيوسف عبد الهادي الشال
_eمؤلف.
245 1 0 _aجرائم أمن الدولة وعقوبتها في الفقه الإسلامي :
_bدراسة مقارنة /
_cتأليف دكتور يوسف عبد الهادي الشال.
250 _aالطبعة الأولى،
_bه1396 - 1976 م.
264 1 _aالقاهرة :
_bالمختار الإسلامي،
_c1976
300 _a238 صفحة ;
_c24 سم.
336 _2rda content
_atext
337 _2rda media
_aComputer
338 _2rda carrier
_aOnline Resource
504 _aيشتمل على إرجاعات ببليوجرافية.
546 _aالنص باللغة العربية
650 1 _aالقانون الجنائي
650 1 _aالنظام الجنائي الإسلامي
650 1 _aجرائم أمن الدولة
650 1 _aالأمن القومي
650 1 _aفقه إسلامي
856 4 0 _uhttps://fll.law.cu.edu.eg/fulltext/bks/B10-08371.pdf
905 _a43
942 _2ddc
_cBK
_e21
_n0
999 _c62771
_d62771